| 000 | 00494nam a22001811a 4500 | ||
|---|---|---|---|
| 001 | 1564 | ||
| 003 | OSt | ||
| 005 | 20260204211738.0 | ||
| 008 | 040119s1997||||dr ||||||b||||||||||spa|| | ||
| 050 | _a371.01 S59t | ||
| 082 | _a371.01 s59t | ||
| 100 | _aSantos Badia, Rafael | ||
| 245 | _aTreinta años de gremialismo magistral en Republica Dominicana / Rafael Santos Badia | ||
| 264 | _aSanto Domingo: De Colores | ||
| 300 | _a379 p. | ||
| 650 | _a1.Educación PolíticaÌ | ||
| 942 |
_2ddc _cBK |
||
| 999 |
_c1564 _d1564 |
||